España y los españoles

Guardat en:
Dades bibliogràfiques
Autor principal: Unamuno, Miguel de (Autor)
Format: Llibre
Idioma:espanyol
Publicat: Madrid Afrodisio Aguado 1955
Col·lecció:Clásicos y Maestros
Matèries:
Etiquetes: Afegir etiqueta
Sense etiquetes, Sigues el primer a etiquetar aquest registre!

MARC

LEADER 00000nam a2200000 a 4500
001 UCZ0899
003 CL-VaPUC
008 950810e19550000SP |||||||||||||||||spa|d
082 0 4 |a 864  |b UNA  |2 21 
100 0 |a Unamuno, Miguel de  |e author  |9 312478 
245 1 0 |a España y los españoles 
300 |a 302 p 
942 |c BK 
945 |d 19950810 00:00:00  |a rbrito 
260 |a Madrid  |b Afrodisio Aguado  |c 1955 
650 0 |a Ensayos españoles  |9 313128 
583 |a last modification  |c 19950810 00:00:00  |k Rodrigo Vera 
490 0 |a Clásicos y Maestros 
999 |c 237766  |d 237764 
952 |0 0  |1 0  |4 0  |6 864_000000000000000_UNA_1955  |7 0  |8 A  |9 247451  |a BIBEDU  |b BIBEDU  |d 2019-11-18  |i 3105954  |o 864 UNA 1955  |p 3105954  |r 2019-11-18  |w 2019-11-18  |y BK  |k LIT